000 00791nam a2200253Ia 4500
001 898
003 GE_BSU
008 181216s||||||||xx |||||||||||||| ||und||
020 _a9785845915887
040 _cGE_BSU
080 _a519.688
100 _aГрехем,Л. Рональд; Кнуг,Э. Дональл; Паташник,Орен;
245 _aКонкретная математика.
245 _bМатематические основы информатики.
250 _aИзд. 2-е
260 _aМосква
260 _b,,Вильямс.
260 _c2010
300 _a784 с.
541 _h80 л.
653 _aКонкретная Математика;
653 _aМатематические Основы Информатики.
942 _cBK
999 _c35058
_d35058